[Event "NED-ch U12 op"]
[Site "Borne"]
[Date "2019.08.07"]
[Round "6"]
[White "Boonen, Arvo"]
[Black "Kazarjan, Gachatur"]
[Result "0-1"]
[WhiteElo "1129"]
[BlackElo "1542"]
[PlyCount "66"]
[EventDate "2019.08.05"]
[EventType "swiss"]
[EventRounds "13"]
[EventCountry "NED"]
[SourceTitle "EXT 2020"]
[Source "ChessBase"]
[SourceDate "2019.10.17"]
[SourceVersion "1"]
[SourceVersionDate "2019.10.17"]
[SourceQuality "1"]

1. e4 c5 2. Nf3 Nc6 3. d4 cxd4 4. Nxd4 g6 5. Nc3 Bg7 6. Be3 Nf6 7. Bc4 e6 8. Bg5 0-0 9. Nxc6 bxc6 10. e5 Qa5 11. exf6 Qxg5 12. fxg7 Kxg7 13. 0-0 d5 14. Bd3 c5 15. b3 f5 16. f4 Qf6 17. Ne2 Bb7 18. g3 d4 19. Re1 e5 20. fxe5 Qc6 21. Nf4 Qh1+ 22. Kf2 Qxh2+ 23. Kf1 Qxg3 24. Qd2 Rae8 25. e6 Re7 26. Rab1 h5 27. Qf2 Qg5 28. Qh2 h4 29. Rbd1 Qh6 30. Kf2 g5 31. Rg1 g4 32. Kf1 g3 33. Qh3 Qxf4+ 0-1